| 000 | 00327nam a2200121Ia 4500 | ||
|---|---|---|---|
| 008 | 220204s9999 xx 000 0 und d | ||
| 082 |
_a001.8:3(035) _bMIL |
||
| 100 | _aMiller, Delbert C | ||
| 245 | 0 | _aHandbook of research design and social measurement | |
| 250 | _aEd.3 | ||
| 260 |
_aNew York _bDavid McKay _c1977 |
||
| 942 | _cBK | ||
| 999 |
_c29193 _d29193 |
||